| 000 | 01141nam a2200277 a 4500 | ||
|---|---|---|---|
| 001 | 000124734 | ||
| 003 | AM-YEHGA | ||
| 005 | 20250617122623.0 | ||
| 008 | 950417s1990 ru ||||gr|||||||||0|rus|d | ||
| 020 | _a5100014229 | ||
| 040 | _aAM-YeHGA | ||
| 041 | 0 | _arus | |
| 100 | 1 | _aШикула, Николай Кондратьевич | |
| 245 | 1 | 0 |
_aМинимальная обработка черноземов и воспроизводство их плодородия / _cН.К. Шикула, Г.В. Назаренко. |
| 260 |
_aМосква : _bАгропромиздат, _c1990. |
||
| 300 |
_a318 с. ; _c22 см. |
||
| 500 | _aПредм. указ.: с. 318-319 | ||
| 504 | _aБиблиогр.: с. 288-317 | ||
| 650 | 1 | 4 | _aПочвы черноземные - Обработка минимальная |
| 650 | 1 | 4 | _aПочвы черноземные - Плодородие |
| 650 | 1 | 4 | _aЧерноземы - Обработка минимальная |
| 650 | 1 | 4 | _aЧерноземы - Плодородие |
| 700 | 1 | _aНазаренко, Григорий Венедиктович | |
| 942 |
_2udc _cBK |
||
| 090 | _c41889 | ||
| 999 |
_c41218 _d41218 |
||